|
|
|
|
| LEADER |
00000nam0a2200000 4500 |
| 001 |
637280 |
| 005 |
20240124095152.0 |
| 029 |
1 |
0 |
|a RU
|b 109923
|c Пат.
|d МПК H01 P 1/14
|
| 035 |
|
|
|a (RuTPU)RU\TPU\network\1380
|
| 035 |
|
|
|a RU\TPU\network\1379
|
| 039 |
0 |
|
|a RU
|b 2011114068/07
|c 20110411
|
| 090 |
|
|
|a 637280
|
| 100 |
|
|
|a 20140619j20111027k y0rusy50 ca
|
| 101 |
0 |
|
|a rus
|
| 102 |
|
|
|a RU
|
| 105 |
|
|
|a a k 000zy
|
| 135 |
|
|
|a drcn ---uucaa
|
| 181 |
|
0 |
|a i
|
| 182 |
|
0 |
|a b
|
| 200 |
1 |
|
|a Интерференционный переключатель
|e полезная модель
|f С. Н. Артеменко [и др.]
|g Национальный исследовательский Томский политехнический университет (ТПУ)
|
| 203 |
|
|
|a Текст
|c электронный
|
| 300 |
|
|
|a опубл. 27.10.11
|
| 330 |
|
|
|a Полезная модель относится к области радиотехники и может быть использована в резонансных СВЧ компрессорах в качестве элемента вывода энергии для формирования мощных СВЧ-импульсов наносекундной длительности с высокой частотой следования. Интерференционный переключатель содержит Т-образный Н-тройник из круглого волновода диаметром D, одно из плеч которого выполнено короткозамкнутым, СВЧ коммутатор тригатронного типа, включающий поджигающий разрядник и волноводный продуваемый разрядный промежуток.
|
| 610 |
1 |
|
|a патенты
|
| 610 |
1 |
|
|a труды учёных ТПУ
|
| 610 |
1 |
|
|a электронный ресурс
|
| 610 |
1 |
|
|a полезные модели
|
| 610 |
1 |
|
|a СВЧ компрессоры
|
| 610 |
1 |
|
|a резонансные компрессоры
|
| 610 |
1 |
|
|a интерференционные переключатели
|
| 701 |
|
1 |
|a Артеменко
|b С. Н.
|c физик
|c ведущий научный сотрудник Томского политехнического университета, доктор физико-математических наук
|f 1951-
|g Сергей Николаевич
|3 (RuTPU)RU\TPU\pers\25663
|9 11574
|
| 701 |
|
1 |
|a Августинович
|b В. А.
|c радиофизик
|c ведущий инженер Томского политехнического университета
|f 1941-
|g Владимир Андреевич
|3 (RuTPU)RU\TPU\pers\26482
|9 12184
|
| 701 |
|
1 |
|a Каминский
|b В. Л.
|c физик
|c заведующий лабораторией Томского политехнического университета
|f 1942-
|g Валерий Людвигович
|3 (RuTPU)RU\TPU\pers\31792
|9 15903
|
| 701 |
|
1 |
|a Новиков
|b С. А.
|c специалист в области электротехники
|c профессор Томского политехнического университета, доктор физико-математических наук
|f 1949-
|g Сергей Автономович
|3 (RuTPU)RU\TPU\pers\25683
|9 11594
|
| 701 |
|
1 |
|a Юшков
|b Ю. Г.
|c электрофизик
|c профессор Томского политехнического университета, доктор технических наук
|f 1937-
|g Юрий Георгиевич
|3 (RuTPU)RU\TPU\pers\22023
|9 9320
|
| 712 |
0 |
2 |
|a Национальный исследовательский Томский политехнический университет (ТПУ)
|c (2009- )
|3 (RuTPU)RU\TPU\col\15902
|
| 801 |
|
1 |
|a RU
|b 63413507
|c 20120201
|
| 801 |
|
2 |
|a RU
|b 63413507
|c 20160608
|g RCR
|
| 856 |
4 |
|
|u http://www.fips.ru/Archive/PAT/2011FULL/2011.10.27/DOC/RUNWU1/000/000/000/109/923/document.pdf
|
| 942 |
|
|
|c BK
|